000 00580nam a22001937a 4500
999 _c16403
_d16403
003 AR-CdUCM
008 190503b ||||| |||| 00| 0 spa d
040 _aMUNICIPALIDAD PROVINCIAL DEL CUSCO
_cBIBLIOTECA MUNICIPAL DEL CUSCO
082 _a868.6 /
_bL86
100 _aLópez de Haro, Rafael,
_935831
245 _aLa imposible /
260 _aSantiago de Chile :
_bCultura,
_c1934.
300 _a130 páginas ;
_c20 cm.
440 _aColección afrodita ;
_n22
_935832
505 _aContenido: Novela
650 _aNovela
_95
942 _2ddc
_cLIBROS
945 _aacv
_d2019-05-03